| 000 | 00604nam a2200229Ia 4500 | ||
|---|---|---|---|
| 003 | GCL | ||
| 008 | 140319s9999 xx 000 0 eng d | ||
| 040 |
_aGCL / _cGCL |
||
| 082 | 0 | 4 |
_a636.089 _bB V |
| 100 | 1 | _aPUGH, D.M. | |
| 245 | 1 | 0 |
_aVETERINARY APPLIED PHARMACOLOGY AND THERAPEUTICS / _cPUGH, D.M. |
| 700 | 1 | _aJENKINS, W.L. | |
| 700 | 1 | _aBRANDER, G.C. | |
| 700 | 1 | _aBYWATER, R.J. | |
| 260 |
_a[S.N] : _bELBS WITH BAILLIERE TINDALL ، _c1993 |
||
| 300 | _a624 P | ||
| 650 | 0 | 4 | _aVETERINARY |
| 650 | 0 | 4 | _aPHARMACOLOGY |
| 650 | 0 | 4 | _aANIMALS HEALTH |
| 650 | 0 | 4 | _aTHERAPEUTICS |
| 942 |
_2ddc _cBK |
||
| 999 |
_c19955 _d19955 |
||